| 000 | 00846nac a22002657a 4500 | ||
|---|---|---|---|
| 001 | BR6009417 | ||
| 003 | BR-BrBNA | ||
| 005 | 20240105113227.0 | ||
| 008 | 230509b bl.|||m| |||| 00| 0 por d | ||
| 040 |
_aBR-BrBNA _bpor _cBiblioteca Nacional de Agricultura |
||
| 072 | _aC00; E15 | ||
| 090 | _aC00 BR6009417 | ||
| 100 | 1 | _aAndreucci, B.P. | |
| 245 | 1 | _aOs cursos de cooperativismo | |
| 260 | 3 |
_aSao Paulo, SP (Brasil): _bMonismo, _c1960. |
|
| 300 | _a230 p. | ||
| 490 |
_aColecao da Escola Livre de Cooperativismo de Sao Paulo (Brazil) _vv. 1 _x |
||
| 500 | _aBibliography p. 221-226 (56 ref.). (*) Documento disponível na(o) INCRA, Brasilia, DF (Brazil) | ||
| 650 | _aEducacao | ||
| 650 | _aMicroeconomia | ||
| 650 | _aCurso | ||
| 650 | _aCooperativa | ||
| 909 |
_a202312 _bLúcia Elande _c55 _dLúcia Elande |
||
| 942 |
_2AGRIS _n0 _cMS |
||
| 999 |
_c262577 _d262577 |
||